00382pab a2200133 454500008004000000100002200040245006900062260000900131300001300140362001100153650003600164650001400200773003400214180718b2009 xxu||||| |||| 00| 0 eng d aMajumdar, Manatri aDemocracy in Praxis: two non-left gram panchayats in West Bengal c2009 ap.82-93. a28 Feb aPanchayat - India - West Bengal aPanchayat aEconomic and Political Weekly